[Event "World ol U16"]
[Site "Eindhoven"]
[Date "2023.08.13"]
[Round "1.9"]
[White "Vagman, Roy"]
[Black "He, Matthew"]
[Result "1-0"]
[WhiteElo "2333"]
[BlackElo "1839"]
[PlyCount "59"]
[EventDate "2023.08.13"]
[EventType "team-swiss"]
[EventRounds "9"]
[EventCountry "NED"]
[SourceTitle "CBM 215 Extra"]
[Source "ChessBase"]
[SourceDate "2023.09.30"]
[SourceVersion "1"]
[SourceVersionDate "2023.09.30"]
[SourceQuality "1"]
[WhiteTeam "Israel"]
[BlackTeam "Canada III"]
[WhiteTeamCountry "ISR"]
[BlackTeamCountry "CAN"]

1. e4 c6 2. d4 d5 3. e5 Bf5 4. c4 e6 5. Nc3 Nd7 6. cxd5 cxd5 7. h4 h5 8. Bd3 Bxd3 9. Qxd3 Ne7 10. Nf3 g6 11. Bg5 Qb6 12. 0-0 Nf5 13. b3 Be7 14. Bxe7 Kxe7 15. Ne2 Rac8 16. Qd2 Rc6 17. Ng3 Nh6 18. Rac1 Ng4 19. Qf4 Kf8 20. Ng5 Nh6 21. Rxc6 Qxc6 22. Rc1 Qa6 23. Rc7 Kg7 24. Rxd7 Rf8 25. Qf6+ Kg8 26. Nxh5 Nf5 27. Rxf7 Qf1+ 28. Kxf1 Ng3+ 29. fxg3 Rxf7 30. Qxf7+ 1-0